Suurimmat kaupungit kirjaimittain - H - Statistics

Yleistilastot
  • Tätä visaa on pelattu 751 kertaa
  • Keskiarvotulos 8 / 15
Vastaustilastot
Valtio Väkiluku Kaupunki % Oikein
Vietnam 7,00 milj. Hanoi
93%
Kuuba 2,23 milj. Havanna
90%
Saksa 2,90 milj. Hampuri
85%
Yhdysvallat 7,05 milj. Houston
74%
Vietnam 13,5 milj. Ho Chi Minh
70%
Zimbabwe 2,60 milj. Harare
64%
Kiina 7,30 milj. Hongkong
62%
Intia 11,1 milj. Hyderabad
45%
Pakistan 2,45 milj. Hyderabad
45%
Kiina 13,4 milj. Hangzhou
39%
Kiina 5,40 milj. Harbin
29%
Kiina 7,50 milj. Hefei
26%
Kiina 2,63 milj. Hohhot
18%
Kiina 2,58 milj. Haikou
10%
Kiina 2,75 milj. Handan
8%
Ehtoja vastaavia visoja ei löytynyt
Tulosjakauma
Jokaisen tuloksen saaneiden osuus
Persentiili vastausten määrän mukaan
Tuloshistoriasi
Et ole pelannut tätä visaa